Last things: a symposium of prophetic messages / (Record no. 75043)
[ view plain ]
| 000 -LEADER | |
|---|---|
| fixed length control field | 01080nam a22001937a 4500 |
| 003 - CONTROL NUMBER IDENTIFIER | |
| control field | PILC |
| 005 - DATE AND TIME OF LATEST TRANSACTION | |
| control field | 20240625112027.0 |
| 008 - FIXED-LENGTH DATA ELEMENTS--GENERAL INFORMATION | |
| fixed length control field | 240625b |||||||| |||| 00| 0 eng d |
| 010 ## - LIBRARY OF CONGRESS CONTROL NUMBER | |
| LC control number | Acc#48960 |
| 040 ## - CATALOGING SOURCE | |
| Transcribing agency | Philippine Baptist Theological Seminary |
| 050 ## - LIBRARY OF CONGRESS CALL NUMBER | |
| Classification number | BT 823 |
| Item number | .L33 1969 |
| 245 ## - TITLE STATEMENT | |
| Title | Last things: a symposium of prophetic messages / |
| 264 ## - PRODUCTION, PUBLICATION, DISTRIBUTION, MANUFACTURE, AND COPYRIGHT NOTICE | |
| Place of production, publication, distribution, manufacture | Grand Rapids, Michigan : |
| Name of producer, publisher, distributor, manufacturer | Zondervan Publishing House, |
| Date of production, publication, distribution, manufacture, or copyright notice | ©1969. |
| 300 ## - PHYSICAL DESCRIPTION | |
| Extent | 160 pages ; |
| Dimensions | 21 cm. |
| 504 ## - BIBLIOGRAPHY, ETC. NOTE | |
| Bibliography, etc | Includes bibliographical references. |
| 505 ## - FORMATTED CONTENTS NOTE | |
| Formatted contents note | Part I: History and eschatology <br/>The climax of history -- A philosophy of Christian eschatology -- History and the Jews -- The ever-present future -- Here and now and yet to be -- <br/><br/>Part II: The natural order and eschatology <br/>Eschatology and astro-physics -- A chemist considers last things -- Eschatology and astronomy -- <br/><br/>Part III: The spiritual order and eschatological hope <br/>Intimations of immortality -- Sunrise-today! -- The blessed hope -- Jesus' concept of the kingdom of God -- |
| 700 ## - ADDED ENTRY--PERSONAL NAME | |
| Personal name | Edited by H. Leo Eddleman |
| 942 ## - ADDED ENTRY ELEMENTS (KOHA) | |
| Source of classification or shelving scheme | Library of Congress Classification |
| Koha item type | Circulation Books |
| Withdrawn status | Lost status | Source of classification or shelving scheme | Damaged status | Not for loan | Home library | Current library | Shelving location | Date acquired | Source of acquisition | Total Checkouts | Full call number | Barcode | Date last seen | Price effective from | Koha item type |
|---|---|---|---|---|---|---|---|---|---|---|---|---|---|---|---|
| Library of Congress Classification | PBTS Library | PBTS Library | Circulation Section | 06/25/2024 | Gift | BT 823 .L33 1969 | 48960 | 03/17/2026 | 06/25/2024 | Circulation Books |